| 000 | 00970cam a22003013a 4500 | ||
|---|---|---|---|
| 001 | 1332 | ||
| 003 | PGUSA | ||
| 005 | 20140828083000.0 | ||
| 008 | 980501s1998||||xxu|||||s|||||000 1 eng d | ||
| 040 |
_aPGUSA _beng |
||
| 042 | _adc | ||
| 050 | 4 | _aPZ | |
| 050 | 4 | _aPR | |
| 100 | 1 |
_aBarrie, J. M. _q(James Matthew), _d1860-1937 |
|
| 245 | 1 | 0 |
_aPeter Pan in Kensington Gardens _h[electronic resource] / _cJ. M. Barrie |
| 260 |
_bProject Gutenberg, _c1998 |
||
| 500 | _aBased on an abridged version. Contains only 4 chapters. | ||
| 505 | 0 | _aPeter Pan -- The Thrush's nest -- The little house -- Lock-out time | |
| 506 | _aPublic domain in the USA. | ||
| 516 | _aElectronic text | ||
| 653 | _aKensington Gardens (London, England) -- Fiction | ||
| 653 | _aFairies -- Fiction | ||
| 653 | _aPeter Pan (Fictitious character) -- Fiction | ||
| 653 | _aFantasy | ||
| 830 | 0 |
_aProject Gutenberg _v1332 |
|
| 856 | 4 | 0 | _uhttp://www.gutenberg.org/ebooks/1332 |
| 942 | _cEB | ||
| 999 |
_c230680 _d230680 |
||